Essai de classification des contrats spéciaux

محفوظ في:
التفاصيل البيبلوغرافية
المؤلف الرئيسي: Overstake, Jean-Francis (auteur)
التنسيق: كتاب
اللغة:الفرنسية
منشور في: París Librairie Générale de Droit et de Jurisprudence 1969
سلاسل:Bibliothèque de Droit Privé, 91
الموضوعات:
الوسوم: إضافة وسم
لا توجد وسوم, كن أول من يضع وسما على هذه التسجيلة!

MARC

LEADER 00000nam a2200000 a 4500
001 UCS1567
003 CL-VaPUC
008 970515e19690000FR |||||||||||||||||fre|d
082 0 4 |a 346.022  |b OVE  |2 21 
100 |a Overstake, Jean-Francis  |e auteur  |9 386090 
245 1 0 |a Essai de classification des contrats spéciaux 
300 |a 273 p 
942 |c BK 
945 |d 19970515 00:00:00  |a cmena 
260 |a París  |b Librairie Générale de Droit et de Jurisprudence  |c 1969 
650 0 |a Derecho privado  |9 258243 
650 0 |a Derecho civil  |9 255013 
650 0 |a Contratos  |9 255153 
650 0 |a Código civil  |9 256135 
650 0 |a Voluntad  |9 307812 
650 0 |a Negocio jurídico  |9 258242 
650 0 |a Actos jurídicos  |9 255748 
651 0 |a Francia  |9 255157 
583 |a last modification  |c 19970515 00:00:00  |k Rodrigo Vera 
490 0 |a Bibliothèque de Droit Privé, 91 
999 |c 259604  |d 259602 
952 |0 0  |1 0  |4 0  |6 346_022000000000000_OVE_1969  |7 0  |8 A  |9 284631  |a BIBDER  |b BIBDER  |d 2019-11-19  |i 1849689  |o 346.022 OVE 1969  |p 1849689  |r 2023-01-25  |w 2019-11-19  |y BK  |k DER